Éxtasis (Record no. 185438)

MARC details
000 -LEADER
campo de control de longitud fija 00993nam a2200265 i 4500
001 - NÚMERO DE CONTROL
campo de control 185438
003 - IDENTIFICADOR DE NÚMERO DE CONTROL
campo de control SpMaBN
005 - FECHA Y HORA DE LA ÚLTIMA TRANSACCIÓN
campo de control 20251012200245.0
008 - DATOS DE LONGITUD FIJA--INFORMACIÓN GENERAL
campo de control de longitud fija 160603s1995 sp ac |||| |dspa d
020 ## - NÚMERO INTERNACIONAL ESTÁNDAR DEL LIBRO
Número Internacional Estándar del Libro 84-7720-425-X
080 ## - NÚMERO DE LA CLASIFICACIÓN DECIMAL UNIVERSAL
Número de la Clasificación Decimal Universal 615.214
100 1# - ENTRADA PRINCIPAL--NOMBRE DE PERSONA
Nombre de persona Eisner, Bruce.
9 (RLIN) 159759
245 10 - MENCIÓN DEL TÍTULO
Título Éxtasis
Resto del título : (la historia del MDMA) /
Mención de responsabilidad, etc. Bruce Eisner ; prólogo de Stanley Krippner ; introducción de Peter Stafford ; síntesis química de Alexander Shul[g]in ; [traducción de José M. Pomares].
250 ## - MENCION DE EDICION
Mención de edición 1ª ed.
260 ## - PUBLICACIÓN, DISTRIBUCIÓN, ETC.
Lugar de publicación, distribución, etc. Barcelona :
Nombre del editor, distribuidor, etc. Obelisco,
Fecha de publicación, distribución, etc. 1995.
300 ## - DESCRIPCIÓN FÍSICA
Extensión 324 p. :
Otras características físicas il., retr. ;
Dimensiones 21 cm.
504 ## - NOTA DE BIBLIOGRAFÍA, ETC.
Nota de bibliografía, etc. Bibliografía: p. 319-321.
650 #7 - PUNTO DE ACCESO ADICIONAL DE MATERIA--TÉRMINO DE MATERIA
Término de materia o nombre geográfico como elemento de entrada Éxtasis (Droga)
9 (RLIN) 159762
700 1# - ENTRADA AGREGADA--NOMBRE PERSONAL
Nombre de persona Krippner, Stanley.
9 (RLIN) 159760
700 1# - ENTRADA AGREGADA--NOMBRE PERSONAL
Nombre de persona Stafford, Peter.
9 (RLIN) 107850
700 1# - ENTRADA AGREGADA--NOMBRE PERSONAL
Nombre de persona Shulgin, Alexander T.,
Fechas asociadas al nombre 1925-2014
9 (RLIN) 159761
700 0# - ENTRADA AGREGADA--NOMBRE PERSONAL
Nombre de persona Pomares, José M.,
Fechas asociadas al nombre 1943-
9 (RLIN) 92903
852 ## - LOCALIZACIÓN
Ubicación ES-MaACL
Número de control de estantería L-30321
Nota libre . - Donat. Miguel A. Velasco
Holdings
Estatus retirado Estado de pérdida Estado de daño No para préstamo Biblioteca de origen Biblioteca actual Ubicación en estantería Fecha de adquisición Fuente de adquisición Total de préstamos Signatura topográfica completa Código de barras Visto por última vez Precio de reemplazo Tipo de ítem Koha
        Biblioteca del Ateneo de Madrid Biblioteca del Ateneo de Madrid Depósito 2 03/06/2016     L-30321 1195374 23/02/2023 23/02/2023 Libro impreso